[Event "WYCC U16g"]
[Site "Porto Carras"]
[Date "2015.10.28"]
[Round "4"]
[White "Buiza Prieto, Eihartze"]
[Black "Zhou, Qiyu"]
[Result "0-1"]
[WhiteElo "2057"]
[BlackElo "2328"]
[Annotator "John Upper"]
[PlyCount "116"]
[EventDate "2015.10.26"]
[EventType "swiss"]
[EventRounds "11"]
[EventCountry "GRE"]
[SourceTitle "Chess Canada - Ketchup 1"]
[SourceDate "2017.03.23"]

1. e4 e5 2. Nf3 Nc6 3. Bb5 a6 4. Ba4 Nf6 5. O-O Be7 6. Re1 b5 7. Bb3 d6 8. c3
O-O 9. h3 Na5 10. Bc2 c5 {Diagram [#]} 11. d3 (11. d4 {is 25x more common, but
the text has been played by Keres, Nisipeanu, and MVL (in a blitz game).})
11... Nc6 12. Nbd2 h6 13. a4 Be6 14. Nf1 Re8 (14... Qc7 15. Ng3 Rab8 16. axb5
axb5 $11 {Hamdouchi,H (2613)-Degraeve,J (2563) Nancy, 2013.}) 15. Ng3 Bf8 {
Diagram [#]} 16. Nh2 $146 (16. d4 cxd4 17. cxd4 exd4 18. Nxd4 Nxd4 19. Qxd4 Rc8
20. Qd1 (20. Bd3 Nd7 21. axb5 Nc5 22. bxa6 Nb3 23. Qa4 Nxa1 24. Qxa1 $14 {
(0-1, 59) Smirin,I (2615)-Nikolic,P (2625) Wijk aan Zee, 1994.}) 20... Qc7 21.
Bd3 Bc4 22. axb5 axb5 23. Bf4 Bxd3 24. Qxd3 Qc2 25. Qxb5 Rb8 $11 {(½-½, 43)
Smirin,I (2644)-Sargissian,G (2676) Yerevan, 2014.}) 16... d5 17. exd5 Bxd5 18.
Ng4 Nxg4 19. Qxg4 {Diagram [#]} Be6 $11 20. Qe4 Bd5 21. Qg4 g6 {Playing to
avoid the draw with ...Be6.} 22. h4 Qc8 23. Qe2 h5 24. Bg5 Qe6 25. Qd2 (25. Ne4
Be7 26. Bxe7 Qxe7 27. Qe3 $16) 25... f6 26. Bh6 {Diagram [#]} Qg4 $2 27. Bxf8 (
{Trading some pieces leaves vulnerable squares behind Black's pawns which
White can exploit; e.g.} 27. axb5 $1 axb5 28. Rxa8 Rxa8 29. Bxf8 Rxf8 30. Qe3
c4 31. dxc4 Bxc4 32. Qc5 $16 {with threats on Nc6, Pg6, and b2-b3 Xb5.}) 27...
Rxf8 28. Qe3 Qxh4 29. Qxc5 Rad8 30. axb5 axb5 31. Qxb5 Ne7 32. Bb3 Bf7 {
Diagram [#]} 33. Bxf7+ (33. Ra7 $1 $18) 33... Rxf7 34. Ra7 Kf8 35. Ne4 Qf4 36.
Rd7 Rxd7 37. Qxd7 Nf5 38. Qd8+ Kg7 39. b4 {Reasonable, as the passed b and
c-pawns will win any endgame, but White can play to win by attacking the Black
K with} (39. Ra1 $1) 39... h4 40. Qd5 h3 41. b5 {Diagram [#]} Qg4 $2 ({Black
has enough play against White's K to force a draw, and a more prudent player
would take it:} 41... hxg2 $1 42. Nc5 (42. Nd6 Nxd6 43. Qxd6 Qh4 44. Kxg2 Qg4+
{and Black can force a draw.}) 42... Re7 43. Kxg2 e4 44. Rxe4 Nh4+ 45. Kf1 Qc1+
46. Ke2 Qc2+ 47. Ke3 Qc1+ 48. Kd4 Nf3+ 49. Kc4 Nd2+ 50. Kd4 Nf3+ $11) 42. Nd2 (
42. Nc5 $142 $1 $18 {defends g2, supports b6-b7, and creates tactics with Ne6+.
}) 42... e4 $3 {Best chance. White has to play perfectly to have a chance at
winning.} (42... Nh4 $2 43. g3 $18) (42... hxg2 43. Qxg2 $16) 43. Qxe4 $8 Qg5
$8 {Diagram [#]Critical Position} 44. Qf3 $2 (44. f4 $2 h2+ 45. Kxh2 Qg3+ 46.
Kg1 Re7 47. Qxe7+ $8 $15) (44. Rd1 $8 Re7 45. Qf3 hxg2 46. Qxg2 Qh5 $1 47. Qf3
$1 (47. f3 $2 Ne3 48. Qe2 Qg5+ $19) (47. Nf3 $2 Nh4 $19) 47... Qg5+ 48. Kf1 (
48. Kh1 Qh6+ 49. Kg1 Qg5+) (48. Kh2 $4 Re8 $19) 48... Nh4 49. Qg3 Qxb5 $1 50.
Qxh4 Qxd3+ 51. Kg2 $1 Re5 52. Nf3 $8 Qxd1 53. Nxe5 fxe5 54. Qe7+ Kh6 55. Qxe5 {
The 7-piece Lomonosov tablebases tell us that White mates in 55.}) 44... Qxd2
45. Rb1 Qc2 46. Qd1 Qxc3 47. b6 Qc6 48. Qf3 Qxf3 49. gxf3 Rb7 50. Kh2 Ne7 51.
Kxh3 Nc8 {Diagram [#] Black grabs the pawns and the game is over.} 52. Kg3 Rxb6
53. Rc1 Ne7 54. Rc7 Kf7 55. Kf4 Rb4+ 56. Ke3 Ke6 57. Ra7 Nd5+ 58. Kd2 Rb2+ 0-1

[Event "WYCC U16"]
[Site "Porto Carras"]
[Date "2015.10.29"]
[Round "5"]
[White "Graif, William"]
[Black "Lopez Mulet, Inigo"]
[Result "1/2-1/2"]
[WhiteElo "1917"]
[BlackElo "2333"]
[Annotator "John Upper"]
[PlyCount "95"]
[EventDate "2015.10.26"]
[EventType "swiss"]
[EventRounds "11"]
[EventCountry "GRE"]
[SourceTitle "Chess Canada - Ketchup 1"]
[SourceDate "2017.03.23"]

1. e4 e6 2. d4 d5 3. Nd2 Be7 4. Ngf3 Nf6 5. e5 Nfd7 {Diagram [#]} 6. c4 {
Black's congested queenside makes it look reasonable to try to blow open the
center, but White's development is no better than Black's --arguably White
would be better off if his Nd2 was back on b1 -- and so leading Tarrasch
players like Adams and Smirin never play this way, but stabilize the center
with c2-c3.} (6. Bd3 c5 7. c3 Nc6 8. O-O {would transpose to a standard
Tarrasch French, where Black has done fine with the solid 8...cxd4 and 9...a5,
and also with the unbalancing 8...g5.}) 6... c5 $1 7. Nb3 (7. cxd5 exd5 8. Bd3
Nc6 9. O-O cxd4 10. Re1 Nc5 11. Nb3 Nxb3 12. Qxb3 O-O $11 {Speelman,J (2645)
-Lputian,S (2540) Rotterdam, 1988 (0-1, 40).}) 7... Nc6 8. Nxc5 Nxc5 9. dxc5
Bxc5 10. Be2 h6 11. a3 a5 12. b3 Qc7 $5 {Diagram [#]} 13. Bb2 ({White can grab
the pawn, but Black's development advantage lets him get it back:} 13. cxd5
exd5 (13... Nxe5 14. Bb5+ Bd7 15. Bxd7+ Nxd7 16. dxe6 $14) 14. Qxd5 Qe7 15. Qe4
Be6 16. O-O (16. Bc4 Bxc4 17. bxc4 Rd8 $44) (16. Qb1 $6 O-O $32) 16... Bxb3 17.
Rb1 Be6 18. Rd1 $14) 13... dxc4 14. Bxc4 a4 15. O-O axb3 16. Bxb3 b6 $15 {
Diagram [#]White has more space, but the e5-pawn is more of a liability than
an asset, and Black's Bs are on more effective diagonals and on more stable
squares.} 17. Nd4 $6 (17. Qc2 $142) (17. Re1 $142) 17... O-O $6 (17... Ba6 $142
$17 {and White has no good moves:} 18. Nxc6 (18. Re1 $2 Nxd4 19. Bxd4 O-O-O {
and Black wins a piece:} 20. Re4 Bb7 21. Rg4 h5 $19) (18. Nxe6 {is no good:}
fxe6 19. Qh5+ Qf7 $19) 18... Bxf1 $17) 18. Nxc6 $2 (18. Qg4 Qxe5 $1 $17) (18.
Nb5 $1 {and White's development makes sense.}) 18... Qxc6 19. Qg4 Bb7 20. a4
Rfd8 21. Rfd1 {Diagram [#]} b5 $1 (21... h5 $1 22. Qg5 Be7 23. Qg3 Qe4 $17) 22.
axb5 Qxb5 23. Rxa8 Rxa8 24. Qg3 Qe2 $19 25. Bc3 Ra3 $1 {Diagram [#]Material is
equal, but the weak back-rank and loose Bs make the tactics work for Black.}
26. Rd8+ Kh7 27. Bd1 Qe4 $1 (27... Ra1 28. Qd3+ $8 $17) 28. Bf3 Ra1+ (28... Qc4
$142 29. Bxb7 $140 Ra1+ $1 {#2.}) 29. Rd1 $8 (29. Bd1 $2 Bd5 $19) (29. Bxa1 $4
Qe1#) 29... Rxd1+ 30. Bxd1 Qb1 31. Qg4 {Diagram [#]} Bd5 $2 {This error lets
White save the game with some accurate Q moves.} (31... Qd3 $1 32. Bb2 (32. Be1
Ba6 $19) 32... Ba6 $1 {and the Black Q gets to f1.}) 32. Qa4 $1 Be4 33. Qa1 $1
Qd3 34. Qc1 $1 g6 35. Qd2 $1 $15 Qb1 36. Qd7 Kg7 37. Qd2 {Diagram [#]} Ba3 $6 (
37... Qb7 $1 $17 38. g3 $140 Bh1 $19) 38. f3 $15 Bd3 39. h3 Bc1 40. Qe1 Bf4 41.
Bd2 g5 42. h4 Qa1 43. hxg5 hxg5 44. Bc3 Qc1 45. Kf2 Bc2 46. g3 Bxd1 47. gxf4
Qc2+ 48. Qd2 1/2-1/2

[Event "WYCC U10"]
[Site "Porto Carras"]
[Date "2015.10.31"]
[Round "6"]
[White "Issani, Nameer"]
[Black "Yingrui, Lin"]
[Result "1-0"]
[WhiteElo "1776"]
[BlackElo "1915"]
[Annotator "John Upper"]
[PlyCount "107"]
[EventDate "2015.10.26"]
[EventType "swiss"]
[EventRounds "11"]
[EventCountry "GRE"]
[SourceTitle "Chess Canada - Ketchup 1"]
[SourceDate "2017.03.23"]

1. d4 Nf6 2. c4 e6 3. Nc3 Bb4 4. e3 b6 5. Nge2 Bb7 6. a3 Be7 7. d5 $1 {Diagram
[#] This natural move is the best-scoring. Black has to stay in "Nimzo-Indian
mode" and create piece play against White's big center or he will get crushed.}
O-O 8. g3 (8. e4 Re8 $1 9. Ng3 Bd6 10. Be2 Be5 $132 {when ...Bxc3 would go
back into Nimzo-Indian territory.}) (8. Ng3 Re8 9. Be2 Bf8 10. e4 d6 11. O-O
Nbd7 12. Be3 c6 13. Qd2 (13. dxc6 Bxc6 {with a transpostion to a Hedgehog
structure.}) 13... Rc8 14. dxe6 fxe6 15. f4 Qe7 16. Rad1 Rcd8 17. Kh1 Qf7 18.
Qc2 $14 {Kasparov,G (2838)-Kramnik,V (2802) Moscow (rapid), 2001 (0-1, 52).})
8... b5 $1 9. b3 exd5 $6 (9... bxc4 $142 {keeps White scrambling to hold his
center together.} 10. bxc4 Na6 11. Bg2 Nc5 12. e4 (12. a4 $142 Ba6 $140 13. Nb5
$13) 12... Ba6 $1 13. O-O (13. e5 Ng4 14. d6 $2 cxd6 15. exd6 Bf6 16. Bxa8 Qxa8
{Black's Bs cut White apart.}) 13... Bxc4 14. e5 Nxd5 15. Nxd5 exd5 16. Bxd5
Bxd5 17. Qxd5 c6 18. Qc4 $15 {(½-½, 23) Popov,I (2568)-Andreikin,D (2625)
Dagomys, 2009.}) 10. cxd5 a5 11. Bg2 b4 12. axb4 axb4 13. Rxa8 Bxa8 14. Na4 c5
$1 15. O-O d6 {Diagram [#]And now we have an old-Indian (Benoni) structure.}
16. e4 (16. Nb2 {heading for c4 is a waste of time after} Nbd7 17. Nc4 Nb6)
16... Nfd7 17. Bb2 Bf6 18. f4 Bxb2 19. Nxb2 f5 20. Nc4 fxe4 21. Nxd6 Nf6 22.
Nxe4 {Diagram [#]} Nxd5 $2 (22... Nxe4 23. Bxe4 Nd7 $14) 23. Nxc5 $16 (23. Ng5
$1 {can lead to some fun tactics:} Qd7 (23... Ne3 24. Qb1 $18) 24. Qc2 Qf5 $5
25. Be4 Qxg5 $1 26. Bxh7+ (26. fxg5 $2 Rxf1+ 27. Kxf1 Ne3+ $11) 26... Kh8 27.
fxg5 Rxf1+ 28. Kxf1 Ne3+ 29. Kf2 Nxc2 30. Bxc2 $18) 23... Ne3 24. Qxd8 Rxd8 25.
Bxa8 Nxf1 26. Kxf1 $18 Na6 27. Nxa6 Rxa8 28. Nxb4 Rb8 29. Nd3 Rxb3 {Diagram [#]
White is winning, but has to be alert to Black's many stalemate tricks.} 30.
Ne5 h5 31. Kf2 Kh7 32. h3 g6 33. Nd4 Rb2+ 34. Kf3 Kh6 (34... Ra2 35. g4 Ra3+
36. Kg2 Kg7 37. g5 {and White's Ns win g6.}) 35. g4 h4 $5 36. g5+ (36. Ne6 {
wins without the "risk" of stalemates, since Black can't even hope for
counterplay with:} Rb3+ 37. Ke4 Rxh3 38. Nf7+ {and forks the R.}) 36... Kh5 {
Diagram [#]} 37. f5 $8 {Black was threatening ...Rf2 perpetual/stalemate.} gxf5
$6 (37... Kxg5 $1 {forces White to play more accurately:} 38. Nxg6 $1 (38. fxg6
$2 Kf6 39. Nd3 Rh2 40. Nf4 (40. Kg4 $2 Rd2 $11) 40... Rxh3+ 41. Nxh3 Kxg6 {
this is a tablebase win (#44), but who is going to win this?}) 38... Rb4 39.
Ke4 Rxd4+ 40. Kxd4 Kxf5 41. Nxh4+ Kf4 42. Ng2+ $8 Kg3 43. h4 $18) 38. Kf4 Rf2+
39. Ndf3 Rf1 {Diagram [#]White's pieces are too well-coordinated now.} 40. g6
$1 {Frees the stalemate trap and the rest is easy.} (40. Kxf5 $4 Rxf3+ 41. Nxf3
$11 {Stalemate.}) 40... Kh6 41. Kxf5 Kg7 42. Kg5 Ra1 43. Nxh4 Rh1 44. Nf5+ Kg8
45. Ng4 Rg1 (45... Rxh3 46. Nf6+ Kf8 47. g7+ Kf7 48. g8=Q#) 46. h4 Kh8 47. h5
Kg8 48. h6 Kh8 49. g7+ Kh7 50. Kh5 Rh1+ 51. Kg5 Rg1 52. Ne7 Rxg4+ 53. Kxg4 Kxh6
54. g8=R $1 (54. g8=Q $4 $11 {is the last stalemate trap.}) 1-0

[Event "WYCC U10"]
[Site "Porto Carras"]
[Date "2015.11.02"]
[Round "8"]
[White "Issani, Nameer"]
[Black "Sosovicka, Jakub"]
[Result "1-0"]
[WhiteElo "1776"]
[BlackElo "1933"]
[Annotator "John Upper"]
[PlyCount "91"]
[EventDate "2015.10.26"]
[EventType "swiss"]
[EventRounds "11"]
[EventCountry "GRE"]
[SourceTitle "Chess Canada - Ketchup 1"]
[SourceDate "2017.03.23"]

1. d4 {Black plays a sharp variation, and almost immediately goes seriously
wrong. White doesn't play the most accurate moves, but keeps an extra pawn
into a four-N endgame, which he converts smoothly.} d5 2. c4 e6 3. Nc3 Be7 4.
Bf4 Nf6 5. cxd5 exd5 6. e3 Bf5 {The Ubilava Variation. Black posts his B on
its best diagonal. Doing so requires a pawn sac, but analysis shows that the
pawn sac is temporary, and can lead to a forced repetition (see:
Moiseenko-Shomoev below). Kasparov and his team analyzed this both before and
during his matches with Karpov, and concluded that White has no advantage.} 7.
Qb3 {Attacking d5 and b7 is the standard way to counter the early development
of Black's DSB in d4/d5 openings.} Nc6 $1 {Diagram [#]} (7... Qc8 8. Nxd5 Nxd5
9. Qxd5 Bb4+ 10. Kd1 $14) 8. Qxb7 {This is the obvious threat behind Qb3, but
it might not be White's best way to play for a win.} (8. a3 $5 {preventing
counterplay from ...Nb4 is slow but interesting as now Black has to go into
contortions defending b7:} Na5 (8... Rb8 {misplacing the R to argue that the
Qb3 is misplaced,} 9. Nf3 O-O 10. Be2 $14 {Spraggett,K (2585)-Jussupow,A (2610)
Hastings, 1989 (½-½, 46).}) 9. Qa2 c6 10. Nf3 O-O 11. Be2 b5 12. O-O h6 13.
h3 Rc8 14. Rac1 (14. b3 $5) 14... Nc4 15. a4 b4 16. Nb1 Na5 17. Nbd2 Qb6 18.
Nb3 Nxb3 19. Qxb3 a5 {and Black eventually played ...c5, taking on an IQP, but
his control over e4 was sufficient compensation in Peralta,F (2556)-Fridman,D 
(2637) Rabat, 2015 (½-½, 56).}) (8. g4 $5 Nxg4 (8... Bxg4 $2 9. Qxb7 Nb4 10.
Rc1 $1 $14 {deflecting the B to g4 leaves the Nb4 with no safe squares, and
White doesn't need to play Bb5+, but can combine threats to trap the Nb4 with
an attack on the c-file.}) 9. Qxd5 (9. Nxd5 $2 O-O 10. Bg2 Bh4 11. Bg3 Be6 $17
{(0-1, 39) Topalov,V (2725)-Kasparov,G (2795) Linares 1997}) 9... Qc8 {
Kasparov "=".} 10. Qg2 O-O $13 {Analysis Diagram [#] It looks like White will
get a strong center and possibly an attack along the g-file, but Black is
ahead in development and has very fast counterplay against White's center; e.g.
} 11. O-O-O (11. e4 Bxe4 $6 12. Nxe4 Bb4+ 13. Nc3 Qf5 14. Be2 $1 Rfe8 15. Kf1
Nf6 16. Bh6 $16 {(1-0, 39) Aronian,L (2808)-Kramnik,V (2785) Monte Carlo 
(blindfold rapid), 2011.}) 11... Nf6 12. f3 Bg6 13. e4 Rd8 14. Nge2 (14. Be3
Nb4 15. a3 c5 $1 $132) 14... b5 $1 $132 {(½-½, 103) Fridman,D (2670)
-Prusikin,M (2545) Bad Wiessee, 2012.}) 8... Nb4 9. Bb5+ {Diagram [#]} Bd7 $4 {
This allows White to develop and untangle quickly while keeping his extra pawn.
} (9... Kf8 $8 $13 {Is the point of ...Bf5: Black threatens ...Nc2+ as well as
perpetuals against the White Q.} 10. Kd2 (10. Rd1 $5 a6 11. Ba4 Rb8 (11... Nd3+
12. Rxd3 $1 Bxd3 13. Bxc7 Qc8 14. Qb6 Bb5 15. Bb3 $14 {White has two pawns for
the exchange and Black's Rs will have trouble finding open files; Gofshtein,
L-Ubilava,E (2435) Tbilisi, 1983.}) 12. Qxc7 Qxc7 13. Bxc7 Rb7 14. Ba5 Nd3+ 15.
Rxd3 Bxd3 16. b3 {It's hard to shake the feeling that White isn't better, with
two pawns for the exchange and no useful open lines for Black's Rs. But it's
also hard to find any way to improve after something simple like} (16. Bb3 $2
Bc4 $15) 16... Bb5 $11) (10. Rc1 a6 11. Be2 Ne8 12. a3 Rb8 13. Qa7 Ra8 14. Qb7
Rb8 15. Qa7 Ra8 {½-½ Moiseenko,A (2627)-Shomoev,A (2556) Moscow, 2007.})
10... Ne4+ 11. Nxe4 Bxe4 12. f3 Rb8 13. Qxc7 Qxc7 14. Bxc7 Rxb5 15. fxe4 dxe4
16. b3 Nd5 $11 {Black is down a pawn, but the strong Nd5 and pressure on e3
gives equality; see: Gutov,A (2445)-Stockmann,M (2255) Aix les Bains, 2011 
(0-1, 26).}) 10. Bxd7+ Nxd7 11. O-O-O $2 {Natural, but now capturing the Pc7
gives Black tactics against the white K.} (11. Ke2 $1 {or Kd2} O-O 12. a3 Rb8
13. Qxc7 Na6 14. Qxd8 Rxb2+ 15. Kf3 (15. Kd3 $4 Nac5+ $1 $17) 15... Rxd8 16.
Nxd5 $18 {White's up two pawns for nothing.}) 11... Rb8 12. Qxc7 {Diagram [#]}
Nxa2+ $1 13. Kc2 (13. Nxa2 $4 Rc8 $19) (13. Kb1 $4 Qxc7 14. Bxc7 Nxc3+ $19)
13... Nb4+ 14. Kd2 $1 (14. Kb1 $6 Qxc7 15. Bxc7 Rb7 16. Bg3 Nb6 $132) 14...
Qxc7 15. Bxc7 Rc8 16. Bg3 $16 Nf6 17. f3 O-O 18. Nge2 Nh5 19. Bf2 Rfe8 20. Ra1
Rc7 21. Rhc1 Rec8 {Diagram [#]} 22. g4 $1 Nf6 23. Bg3 $18 {winning a second
pawn and the game.} Rc6 (23... Rb7 24. Nxd5 $18) 24. Rxa7 $18 Bd6 25. Bxd6 Rxd6
26. Nb5 (26. Nxd5 $1 Rxc1 27. Nxf6+ gxf6 28. Nxc1 Rc6 29. Nd3 $18) 26... Rdd8
27. Rxc8 Rxc8 28. Nec3 Rd8 29. Nc7 h6 30. Ra8 Rxa8 31. Nxa8 Kf8 {Diagram [#]
White's up two pawns and Black has a weakness on d5. White first prevents the
Black Ns from jumping into his back field, then uses his K and Ns to advance
the b-pawn.} 32. Nb5 Ke7 33. Nb6 Ke6 34. Na4 $1 Nc6 35. Nc5+ Ke7 36. Kc3 g6 37.
b4 Kd8 38. Na3 Kc7 39. b5 Ne7 40. Kb4 Kb6 41. Na4+ Kb7 42. Ka5 Nd7 43. Nc5+ Kc7
44. Nxd7 Kxd7 45. Ka6 Kc8 46. Ka7 1-0